000
00333nam a22001457a 4500
003
SGT
020
_a
9781788628846
082
_a
005.7,ALL
100
_a
ALLA, SRIDHAR
245
_a
BIG DATA ANALYTICS WITH HADOOP 3
260
_a
BUMBAI
_b
PACKT PUB.
_c
2018
300
_a
465
650
_a
DATA IN COMPUTER SYSTEMS
942
_2
ddc
_c
BK
999
_c
21607
_d
21607